00831nam a22002177a 4500999001900000005001700019010001500036020002600051035001400077037001300091082001000104245015000114260005700264270005600321300002500377700002200402700002300424700002200447942002400469952012000493 c188423d18842320220523110322.0 aENG-132763 a9788131240540c700.00 aEN-116295 bDBAD/PUB 2615.3 aProbiotics, Microbiome and gut Function:bTransforming Health and Well-Being/cEdited by B.S. Ramakrishna, G. Balakrish Nair and Yoshifumi Takeda aNew DelhibReed Elsevier India Private Limitedc2015 a305, Rohit House, 3 Tolstoy MargbNew Delhie110001 aiv, 114p.c24cm(hbk) aRamakrishna, B.S. aNair, G. Balakrish aTakeda, Yoshifumi 2ddccENh615.3mPRO 001040708NFICaAVbAVd2022-05-23eDBAD/PUBg700.00l0o615.3 PROpEN-116295r2022-05-23 00:00:00t1v700.00yEN